01020 2200337 4500001002100000005001500021035002000036007000300056008004100059040002200100100002900122245009700151300002500248020002200273041001300295082001700308084001900325090002200344250002600366264002900392336002100421337003000442338002300472500003700495650003400532700003000566700003000596850001200626999002200638990002200660INLIS00000000087651220230320025005 a0010-0223000380ta230220s2022 yoi g 000 1 ind d aYOPDYOGbinderda0 aJosephine TeyePengarang10aPembunuhan di antrean /cJosephine Tey; penerjemah, Laura Harsoyo; penyunting, Nisrina Lubis a360 halaman ;c19 cm a978-623-327-262-91 aindheng04223a899.2213 a899.2213 JOS p aCB-D.11 2022-2137 aCetakan Pertama, 202231aBantul :bLaksana,c2022 2rdacontentateks 2rdamediaatanpa perantara 2rdacarrieravolume aJudul asli: The man in the queue 4aFiksi Indonesia -- Terjemahan0 aLaura HarsoyoePenerjemah0 aNisrina LubisePenyunting aYOPDYOG aCB-D.11/2022-2137 aCB-D.11/2022-2137